Normale Ansicht MARC-Ansicht ISBD

Clio moderna : (Titelsatznr. 32858)

[ MARC ]
MARC-Details
000 -Satzkennung
Kontrollfeld mit fester Länge 00560nas a22002051c 4500
001 - Kontrollnummer
Kontrollfeld zs0048
008 - Feld mit fester Länge zur physischen Beschreibung - Allgemeine Angaben
Kontrollfeld mit fester Länge 121210m1999 gw |||| 000u rus d
020 ## - Internationale Standardbuchnummer
Internationale Standardbuchnummer 9785922204620
Verknüpfung 978-5-9222-0462-0
040 ## - Katalogisierungsquelle
Übertragungsstelle RU-10907106
003 - Kontrollnummer Identifier
Kontrollfeld RU-10907106
245 00 - Titel
Titel Clio moderna :
Zusatz zum Titel zarubežnaja istorija i istoriografija
264 ## - Produktion, Veröffentlichung, Distribution, Herstellung und Urheberrechtsvermerk
Herstellungs-, Veröffentlichungs- Vertriebs-, Erzeugungsort Kazan',
Datum der Herstellung, der Veröffentlichung, des Vertriebs oder des Urheberschutzvermerks [2012]
362 0# - Erscheinungsdaten und/oder Bandbezeichnung
Datumsangaben der Veröffentlichung und/oder Bandbezeichnung 1.1999
650 #0 - Nebeneintragung unter einem Schlagwort - Sachschlagwort
Sachschlagwort oder geografischer Name als Eintragungselement Geschichtsschreibung
651 #0 - Nebeneintragung unter einem Schlagwort - Geografischer Name
Geografischer Name Polen
700 1# - Nebeneintragung - Personenname
Personenname Šarifžanov, Izmail I.
Funktionsbezeichnung HerausgeberIn
710 2# - Nebeneintragung - Körperschaftsname
Körperschafts- oder Gebietskörperschaftsname als Eintragungselement Kazanskij federal'nyj universitet
910 00 - USER-OPTION DATA (OCLC)
User-option data 8.2011
942 ## - Zusätzliche Felder (Koha)
Koha-Medientyp Monographien
Exemplare
Ausgeschieden Verloren Klassifikation oder Aufstellungssystematik Beschädigt Nicht entleihbar Heimatbibliothek Aufenthaltsbibliothek Aufstellungsort Erwerbungsdatum Heft/Jahrgang Inventarnummer Signatur Barcode Letzte Aktivität Preis gültig von Koha-Medientyp
    Andere/Generische Klassifikation     MWN Osteuropa MWN Osteuropa Lesesaal - 1 10/12/2012 8.2011 12-03035 W 10 F n Polen 19 E00401506CBDF4D4 16/01/2019 22/03/2021 Monographien